000 00742nam a22002297a 4500
003 UA-OsUOA
001 37298
007 ta
008 20060302b un ||||| |||| 00| 0 ukr d
090 _a339.5
_bГ54
942 _cBK
040 _aUA-OsUOA
_bukr
_cUA-OsUOA
_dUA-OsUOA
245 _aГлобальна торгова система: розвиток інститутів, правил, інстурментів СОТ
_bМонографія
_cРед. Т.М. Циганкова
300 _a660 с.
955 _a2
041 _aukr
080 _a339.5
020 _a966-574-491-7
260 _aК,
_bКНЕУ
_c2003
650 7 _a339.5 Зовнішня торгівля. Міжнародна торгівля
_2UDC
999 _c323498
_d323498